[Event "Large KO, Standard Pace"]
[Site "SchemingMind.com"]
[Date "2009.11.24"]
[Round "-"]
[White "remigius"]
[Black "Ilang"]
[Result "1/2-1/2"]
[WhiteCountry "ESP"]
[BlackCountry "HUN"]
[WhiteElo "2068"]
[WhiteRD "103"]
[BlackElo "2382"]
[BlackRD "93"]
[GameID "228014"]

1. e4 c6 2. c4 d5 3. cxd5 cxd5 4. exd5 Nf6 5. Bb5+ Nbd7 6. Nc3 a6 7. Qa4 Rb8 8. Bxd7+ Qxd7 9. Qxd7+ Bxd7 10. d4 b5
11. a3 a5 12. b4 axb4 13. axb4 e6 14. dxe6 Bxe6 15. Rb1 Nd5 16. Nxd5 Bxd5 17. f3 Rc8 18. Ne2 Be7 19. Be3 O-O 20. Kf2 Rc2
21. Rhc1 Ra2 22. Ra1 Rfa8 23. Rxa2 Bxa2 24. Rc2 Bc4 25. Rb2 Ra3 26. g4 g6 27. Ng3 Bd5 28. f4 f6 29. f5 g5 30. h3 Kf7
31. Nf1 Bd6 32. Nd2 Ra4 33. Nb1 Rxb4 34. Rxb4 Bxb4 35. Bc1 Ba5 36. Na3 b4 37. Nc2 b3 38. Ne3 Bb7 39. Bb2 Bb4 40. Nf1= Ba8
41. Ng3 Bd6 42. Ne2 Bd5 43. Nc3 Bc6 44. Nd1 h6 45. Nc3 Ke7 46. Ne2 Bc7 47. Nc1 Bd5 48. Nd3 Ba5=
1/2-1/2

[Event "Large KO, Standard Pace"]
[Site "SchemingMind.com"]
[Date "2009.11.24"]
[Round "-"]
[White "Ilang"]
[Black "remigius"]
[Result "1-0"]
[WhiteCountry "HUN"]
[BlackCountry "ESP"]
[WhiteElo "2382"]
[WhiteRD "93"]
[BlackElo "2068"]
[BlackRD "103"]
[GameID "228018"]

1. e4 e6 2. d4 d5 3. e5 c5 4. c3 Nc6 5. Nf3 Qb6 6. a3 c4 7. Nbd2 Na5 8. Qc2 Bd7 9. Rb1 Ne7 10. Be2 Ng6
11. g3 f6 12. exf6 gxf6 13. O-O Bd6 14. b3 cxb3 15. Nxb3 Nxb3 16. Rxb3 Qc7 17. Bh6 Ba4 18. Bb5+ Bxb5 19. Rxb5 Kf7 20. Re1 Qc6
21. c4 Rae8 22. Nd2 b6 23. Qd3 dxc4 24. Nxc4 Bf8 25. Be3 Rd8 26. Qe2 Rd5 27. Rb3 Qd7 28. Rc1 Be7 29. Rbc3 Rd8 30. Nd2 Ra5
31. Rc7 Qd5 32. Nb1 Rd7 33. Nc3 Qd6 34. Rc4 Qxa3 35. h4 Qd6 36. h5 Nf8 37. Bf4 e5 38. Ne4 Qe6 39. dxe5 Rxe5 40. Bxe5 Qxe5
41. h6
1-0

[Event "Large KO, Standard Pace"]
[Site "SchemingMind.com"]
[Date "2010.01.03"]
[Round "-"]
[White "calipo"]
[Black "Siebold"]
[Result "1-0"]
[WhiteCountry "ARG"]
[BlackCountry "NED"]
[WhiteElo "2464"]
[WhiteRD "97"]
[BlackElo "1779"]
[BlackRD "86"]
[GameID "232958"]

1. e4 Nc6 2. Nf3 e5 3. Bb5 Bc5 4. c3 Bb6 5. d4 Nge7 6. d5 Nb8 7. Nxe5 O-O 8. O-O d6 9. Nc4 Ng6 10. Nxb6 axb6
11. Re1 f5 12. exf5 Bxf5 13. Na3 Qh4 14. Be3 Nd7 15. Qd4 Qd8 16. Qd2 h6 17. Nc2 Nde5 18. Nd4 Qh4 19. f4 Ng4 20. g3 Qh3
21. Nxf5 Rxf5 22. Bd3 Rh5 23. Bxg6 Nxh2 24. Bxh5 Qxh5 25. Qxh2
1-0

[Event "Large KO, Standard Pace"]
[Site "SchemingMind.com"]
[Date "2010.01.02"]
[Round "-"]
[White "Siebold"]
[Black "calipo"]
[Result "0-1"]
[WhiteCountry "NED"]
[BlackCountry "ARG"]
[WhiteElo "1807"]
[WhiteRD "87"]
[BlackElo "2439"]
[BlackRD "95"]
[GameID "232965"]

1. Nc3 e5 2. Nf3 Nc6 3. d4 exd4 4. Nxd4 Nf6 5. Bg5 Bb4 6. Qd3 O-O 7. h4 h6 8. f3 Bxc3+ 9. Qxc3 hxg5 10. hxg5 Nd5
11. Qd3 f5 12. Nxf5 Nf4 13. Qb3+ d5 14. g4 Bxf5 15. gxf5 Qxg5 16. O-O-O Nd4 17. Qxb7 Rab8 18. Qxa7 Nfxe2+ 19. Kb1 Nc3+ 20. Ka1 Nxc2#
0-1

[Event "Large KO, Standard Pace"]
[Site "SchemingMind.com"]
[Date "2009.12.31"]
[Round "-"]
[White "spoke"]
[Black "mmccaffe"]
[Result "1-0"]
[WhiteCountry "GER"]
[BlackCountry "USA"]
[WhiteElo "1776"]
[WhiteRD "57"]
[BlackElo "1615"]
[BlackRD "59"]
[GameID "233111"]

1. d4 Nf6 2. c4 g6 3. Nc3 Bg7 4. e4 d6 5. Nf3 O-O 6. Be2 e5 7. O-O Nc6 8. d5 Ne7 9. Ne1 Ne8 10. Be3 f5
11. f3 f4 12. Bf2 g5 13. c5 a6 14. b4 h5 15. a4 Rf6 16. b5 a5 17. cxd6 cxd6 18. b6 Rg6 19. Bb5 g4 20. Bxe8 Qxe8
21. Nb5 Qf7 22. Nc7 Rb8 23. Bh4 Bf6 24. Bxf6 Qxf6 25. Qd2 g3 26. h3 Qh4 27. Ne6 Bxe6 28. dxe6 Rxe6 29. Qxa5 Nc6 30. Qd5 Qe7
31. Nd3 Kf8 32. a5 Nd4 33. a6 bxa6 34. Rxa6 Qb7 35. Nb4 Qxd5 36. Nxd5 Nb3 37. Rb1 Nc5 38. Ra7 Kg8 39. Ne7+ Kf8 40. Nc6 Ree8
41. Nxb8 Rxb8 42. b7 Ke7 43. Ra8 Nd7 44. Kf1 d5 45. exd5 Kd6 46. Rxb8 Nxb8 47. Rb6+ Kc7 48. Re6
1-0

[Event "Large KO, Standard Pace"]
[Site "SchemingMind.com"]
[Date "2009.12.31"]
[Round "-"]
[White "mmccaffe"]
[Black "spoke"]
[Result "1/2-1/2"]
[WhiteCountry "USA"]
[BlackCountry "GER"]
[WhiteElo "1615"]
[WhiteRD "59"]
[BlackElo "1776"]
[BlackRD "57"]
[GameID "233115"]

1. e4 e6 2. d4 d5 3. Nd2 dxe4 4. Nxe4 Nd7 5. Nf3 Be7 6. Bd3 Ngf6 7. Nxf6+ Nxf6 8. c3 O-O 9. O-O c5 10. dxc5 Bxc5
11. Qc2 b6 12. Re1 Bb7 13. Be3 Bxf3 14. gxf3 Qd5 15. Be4 Nxe4 16. Qxe4 Bxe3 17. fxe3 Qxe4 18. fxe4 Rfd8 19. Red1 Kf8 20. Kf2 Ke7
21. e5 Rxd1=
1/2-1/2

[Event "Large KO, Standard Pace"]
[Site "SchemingMind.com"]
[Date "2010.01.08"]
[Round "-"]
[White "Theodoric"]
[Black "lemme howdt"]
[Result "1-0"]
[WhiteCountry "ENG"]
[BlackCountry "USA"]
[WhiteElo "1961"]
[WhiteRD "68"]
[BlackElo "1635"]
[BlackRD "99"]
[GameID "233887"]

1. e4 e5 2. Nf3 Nc6 3. Bc4 Bc5 4. c3 Nf6 5. d4 exd4 6. cxd4 Bb4+ 7. Bd2 Bxd2+ 8. Nbxd2 O-O 9. O-O d5 10. exd5 Nxd5
11. h3 Nf4 12. Nb3 Re8 13. Re1 Rxe1+ 14. Qxe1 Bf5 15. Qd2 Nd5 16. Re1 a6 17. Nc5 b5 18. Bxd5 Qxd5 19. Nxa6 Rc8 20. Nxc7 Qxa2
21. Nxb5
1-0

[Event "Large KO, Standard Pace"]
[Site "SchemingMind.com"]
[Date "2010.01.08"]
[Round "-"]
[White "lemme howdt"]
[Black "Theodoric"]
[Result "0-1"]
[WhiteCountry "USA"]
[BlackCountry "ENG"]
[WhiteElo "1635"]
[WhiteRD "99"]
[BlackElo "1961"]
[BlackRD "68"]
[GameID "233894"]

1. e4 e6 2. d4 d5 3. e5 c5 4. c3 Nc6 5. Nf3 Nge7 6. dxc5 Ng6 7. b4 Ncxe5 8. Nd4 Bd7 9. Bd3 Nxd3+ 10. Qxd3 Be7
11. O-O O-O 12. Nd2 Qc7 13. g3 Ne5 14. Qe2 a6 15. Re1 Bf6 16. a4 Rfe8 17. f4 Nc6 18. N2f3 b6 19. cxb6 Qxb6 20. Be3 Nxd4
21. Bxd4 Bxd4+ 22. Nxd4 Qc7 23. Qd3 Rac8 24. Ra3 Qd6 25. a5 e5 26. fxe5 Rxe5 27. Rxe5 Qxe5 28. Qe2 Qg5 29. Kf2 Re8 30. Qd3 Qc1
31. Ra2 Qe1+ 32. Kf3 Qh1+ 33. Kf4 Re4+ 34. Kg5 f6+ 35. Kh5 Be8#
0-1

[Event "Large KO, Standard Pace"]
[Site "SchemingMind.com"]
[Date "2010.01.14"]
[Round "-"]
[White "Clive Everill"]
[Black "neoliminal"]
[Result "1-0"]
[WhiteCountry "CZE"]
[BlackCountry "CRC"]
[WhiteElo "1721"]
[WhiteRD "48"]
[BlackElo "1482"]
[BlackRD "132"]
[GameID "234306"]

1. e4 e6 2. Nc3 Nc6 3. g3 Bb4 4. Bg2 h5 5. a3 Bxc3 6. dxc3 e5 7. Nf3 f6 8. Nh4 Nge7 9. Be3 d6 10. Qd2 Na5
11. b3 b6 12. f4 Bg4 13. f5 c5 14. h3
1-0

[Event "Large KO, Standard Pace"]
[Site "SchemingMind.com"]
[Date "2010.01.11"]
[Round "-"]
[White "neoliminal"]
[Black "Clive Everill"]
[Result "1-0"]
[WhiteCountry "CRC"]
[BlackCountry "CZE"]
[WhiteElo "1554"]
[WhiteRD "130"]
[BlackElo "1682"]
[BlackRD "50"]
[GameID "234310"]

1. Nc3 d5 2. e4 d4 3. Nce2 Nf6 4. c3 Nxe4 5. Nxd4 e5 6. Ndf3 Bc5 7. Nxe5 Nxf2 8. Qe2 Nxh1 9. Nc6+ Be6 10. Nxd8 Bxg1
11. Nxe6 fxe6 12. Qxe6+ Kd8 13. Qf7 Bf2+ 14. Kd1 Re8 15. Bc4 Nc6 16. Be6 Ne7 17. b3 c5 18. Ba3 Bh4 19. Bxc5 b6 20. Bd6 Nf2+
21. Kc2 Bf6 22. Re1 a5 23. Re2 Nh1 24. Bd5 Ra7 25. Bc6 Rh8 26. Ba8 Re8 27. Bc6 Rh8 28. Bb8 Nxc6 29. Qd5+ Kc8 30. Bxa7 Nxa7
31. Qc4+ Kd7 32. Qf7+ Kc6 33. Re6+ Kb5 34. c4+ Ka6 35. b4 axb4 36. Qd7 Rd8 37. Qa4+ Kb7 38. Qxb4 Bd4 39. Re7+ Kb8 40. Qa4 b5
41. Qa6
1-0

[Event "Large KO, Standard Pace"]
[Site "SchemingMind.com"]
[Date "2010.01.21"]
[Round "-"]
[White "XTC"]
[Black "Ilang"]
[Result "0-1"]
[WhiteCountry "COL"]
[BlackCountry "HUN"]
[WhiteElo "1818"]
[WhiteRD "48"]
[BlackElo "2382"]
[BlackRD "93"]
[GameID "235776"]

1. e4 c6 2. d4 d5 3. exd5 cxd5 4. Bd3 Nc6 5. c3 g6 6. Nf3 Nf6 7. Bf4 Bg7 8. Nbd2 Nh5 9. Bg5 f6 10. Be3 e5
11. dxe5 fxe5 12. Bb5 O-O 13. O-O e4 14. Ng5 Nf4 15. Bxf4 Rxf4 16. Ndxe4 h6 17. g3 Rf8
0-1

[Event "Large KO, Standard Pace"]
[Site "SchemingMind.com"]
[Date "2010.01.21"]
[Round "-"]
[White "Ilang"]
[Black "XTC"]
[Result "1-0"]
[WhiteCountry "HUN"]
[BlackCountry "COL"]
[WhiteElo "2382"]
[WhiteRD "93"]
[BlackElo "1818"]
[BlackRD "48"]
[GameID "235780"]

1. e4 e5 2. Nf3 Nc6 3. Bb5 a6 4. Ba4 g6 5. d3 b5 6. Bb3 Bb7 7. O-O Bg7 8. Bg5 Bf6 9. Be3 Nge7 10. Bh6 Na5
11. Nc3 Nxb3 12. axb3 c5 13. Qd2 b4 14. Ne2 d6 15. Qe3 Rc8 16. Nd2 d5 17. f4 dxe4 18. dxe4 Ng8 19. fxe5 Bxe5 20. Nc4 Bd4
21. Nxd4 Nxh6 22. Nf5
1-0

[Event "Large KO, Standard Pace"]
[Site "SchemingMind.com"]
[Date "2010.02.20"]
[Round "-"]
[White "griffimv"]
[Black "Theodoric"]
[Result "1-0"]
[WhiteCountry "INT"]
[BlackCountry "ENG"]
[WhiteElo "2288"]
[WhiteRD "101"]
[BlackElo "1994"]
[BlackRD "71"]
[GameID "238990"]

1. e4 e6 2. d4 d5 3. Nc3 Bb4 4. e5 a6 5. a3 Bxc3+ 6. bxc3 Ne7 7. Qg4 Ng6 8. h4 h5 9. Qg3 Qd7 10. Bd3 O-O
11. Nf3 Qc6 12. O-O Bd7 13. Qg5 Qxc3 14. Bd2 Qc6 15. Qxh5 Rc8 16. Ng5 a5 17. Bxg6 fxg6 18. Qh7+
1-0

[Event "Large KO, Standard Pace"]
[Site "SchemingMind.com"]
[Date "2010.02.20"]
[Round "-"]
[White "Theodoric"]
[Black "griffimv"]
[Result "0-1"]
[WhiteCountry "ENG"]
[BlackCountry "INT"]
[WhiteElo "1992"]
[WhiteRD "72"]
[BlackElo "2297"]
[BlackRD "104"]
[GameID "238996"]

1. e4 c5 2. c3 Nf6 3. e5 Nd5 4. d4 cxd4 5. Bc4 Qc7 6. Qe2 Nb6 7. Bd3 Nc6 8. Nf3 d5 9. exd6 Qxd6 10. O-O Bg4
11. h3 Bxf3 12. Qxf3 g6 13. Bf4 e5 14. Bg3 Qe7 15. cxd4 Nxd4 16. Qe3 Bg7 17. Nc3 O-O 18. Rfe1 Rfe8 19. Nb5 Nd5 20. Qe4 Qd7
21. Nxd4 exd4 22. Qf3 Nb4 23. Bc4 d3 24. Red1 Rad8 25. Bh4 b5 26. Bxd8 bxc4 27. Bf6 Nc2 28. Rac1 Bxf6 29. Qxf6 d2 30. Rb1 Re1+
31. Kh2 Qc7+ 32. g3 Qb7 33. f3 Qd5 34. Qf4 Ne3 35. h4 Nxd1
0-1

[Event "Large KO, Standard Pace"]
[Site "SchemingMind.com"]
[Date "2010.03.17"]
[Round "-"]
[White "Clive Everill"]
[Black "spoke"]
[Result "0-1"]
[WhiteCountry "CZE"]
[BlackCountry "GER"]
[WhiteElo "1682"]
[WhiteRD "50"]
[BlackElo "1773"]
[BlackRD "55"]
[GameID "242288"]

1. e4 e5 2. Nc3 Nc6 3. f4 Bb4 4. Nd5 Ba5 5. Nf3 d6 6. Bb5 a6 7. Be2 Nf6 8. fxe5 dxe5 9. Nxf6+ Qxf6 10. O-O O-O
11. d3 Bb6+ 12. Kh1 Qd6 13. a3 Bg4 14. Nh4 Bxe2 15. Qxe2 Ne7 16. Bg5 Ng6 17. Nf5 Qd7 18. Qg4 Kh8 19. h4 f6 20. Bd2 Rf7
21. h5 Ne7 22. Qh4 Nxf5 23. Rxf5 Raf8 24. Bb4 c5 25. Bd2 Bd8 26. b4 c4 27. Rf3 f5 28. Qe1 cxd3 29. Rxd3 Qe7 30. exf5 Rxf5
31. Qe2 Qf6 32. Bc3 Qg5 33. Rad1 Bb6 34. R3d2 Qh4#
0-1

[Event "Large KO, Standard Pace"]
[Site "SchemingMind.com"]
[Date "2010.03.17"]
[Round "-"]
[White "spoke"]
[Black "Clive Everill"]
[Result "1-0"]
[WhiteCountry "GER"]
[BlackCountry "CZE"]
[WhiteElo "1773"]
[WhiteRD "55"]
[BlackElo "1682"]
[BlackRD "50"]
[GameID "242293"]

1. e4 e6 2. d4 a6 3. Nf3 b5 4. Bd3 Bb7 5. O-O Nf6 6. Re1 Be7 7. a3 O-O 8. Nc3 d5 9. e5 c5 10. exf6 Bxf6
11. dxc5 Nc6 12. Bd2 b4 13. axb4 Nxb4 14. Na4 Nxd3 15. cxd3 Bc6 16. d4 Rb8 17. Nb6 Qe8 18. Rxa6 Bb5 19. Ra7 Bd8 20. Ba5 f6
21. Nxd5 Bxa5 22. Rxa5 Qd8 23. Nb6 Bd7 24. Qe2 Re8 25. Ra7 Bc6 26. Rd1 Rb7 27. Rxb7 Bxb7 28. b4 Qc7 29. b5 Bxf3 30. Qxf3 e5
31. Qd5+ Kh8 32. dxe5 fxe5 33. Qd7 Qb8 34. c6 h6 35. c7
1-0

[Event "Large KO, Standard Pace"]
[Site "SchemingMind.com"]
[Date "2010.03.25"]
[Round "-"]
[White "spoke"]
[Black "calipo"]
[Result "0-1"]
[WhiteCountry "GER"]
[BlackCountry "ARG"]
[WhiteElo "1742"]
[WhiteRD "64"]
[BlackElo "2466"]
[BlackRD "107"]
[GameID "243105"]

1. e4 c5 2. Nf3 d6 3. d4 cxd4 4. Nxd4 Nc6 5. Nc3 Nf6 6. Be2 e6 7. O-O Be7 8. Be3 O-O 9. Kh1 a6 10. a3 Qc7
11. Qd2 Re8 12. f4 Bd7 13. Rad1 Rad8 14. f5 b5 15. fxe6 fxe6 16. Bg5 Ne5 17. Nf3 Rf8 18. Nxe5 dxe5 19. Bf3 a5 20. Qe2 Qb7
21. Na2 b4 22. axb4 axb4 23. c4 bxc3 24. Nxc3 Bc5 25. Bxf6 Rxf6 26. Bg4 Rdf8 27. Rxf6 Rxf6 28. Qc4 Bd4 29. b3 Qc6 30. Bf3 Bxc3
31. Qxc6 Bxc6 32. Rc1 Rf4 33. Rxc3 Bxe4 34. Kg1 Bd5 35. Re3 e4 36. Bd1 Kf7 37. g3 Rf5 38. Bc2 Rf3 39. Rxf3+ exf3 40. Kf2 e5
41. h4 h6 42. Ke3 Kf6 43. g4 e4
0-1

[Event "Large KO, Standard Pace"]
[Site "SchemingMind.com"]
[Date "2010.03.25"]
[Round "-"]
[White "calipo"]
[Black "spoke"]
[Result "1-0"]
[WhiteCountry "ARG"]
[BlackCountry "GER"]
[WhiteElo "2465"]
[WhiteRD "102"]
[BlackElo "1750"]
[BlackRD "60"]
[GameID "243108"]

1. e4 e5 2. Nf3 Nc6 3. Bb5 Bb4 4. O-O Nge7 5. c3 Ba5 6. Na3 O-O 7. Nc4 d6 8. d4 exd4 9. Qa4 Bb6 10. Nxb6 cxb6
11. Nxd4 Nxd4 12. Qxd4 Nc6 13. Qa4 Bd7 14. Be3 a6 15. Be2 Ne5 16. Qb4
1-0

[Event "Large KO, Standard Pace"]
[Site "SchemingMind.com"]
[Date "2010.05.30"]
[Round "-"]
[White "griffimv"]
[Black "Ilang"]
[Result "1-0"]
[WhiteCountry "INT"]
[BlackCountry "HUN"]
[WhiteElo "2336"]
[WhiteRD "101"]
[BlackElo "2342"]
[BlackRD "93"]
[GameID "250095"]

1. e4 c6 2. d4 e6 3. c4 d5 4. Nc3 Bb4 5. cxd5 cxd5 6. e5 Ne7 7. Nf3 O-O 8. Bd3 Ng6 9. h4 Nc6 10. h5 Nge7
11. h6 g6 12. a3 Ba5 13. Bg5 Qc7 14. Rc1 Nf5 15. b4 Nfxd4 16. Nxd4 Qxe5+ 17. Be3 Nxd4 18. bxa5 Nc6 19. Ne2 Bd7 20. f4 Qb2
21. Rc3 Nxa5 22. Bd4 Rad8 23. O-O
1-0

[Event "Large KO, Standard Pace"]
[Site "SchemingMind.com"]
[Date "2010.05.30"]
[Round "-"]
[White "Ilang"]
[Black "griffimv"]
[Result "1/2-1/2"]
[WhiteCountry "HUN"]
[BlackCountry "INT"]
[WhiteElo "2342"]
[WhiteRD "93"]
[BlackElo "2336"]
[BlackRD "101"]
[GameID "250097"]

1. e4 c5 2. Nf3 d6 3. d4 cxd4 4. Nxd4 Nf6 5. Nc3 a6 6. Be3 e5 7. Nb3 Be6 8. f3 Be7 9. Qd2 O-O 10. O-O-O Nbd7
11. g4 b5 12. a3 Nb6 13. g5 Nh5 14. Na5 Qc7 15. Kb1 Rac8 16. h4 Ng3 17. Rg1 Nxf1 18. Rgxf1 Nc4 19. Nxc4 Qxc4 20. f4 a5
21. Nd5 Bxd5 22. exd5 f6 23. fxe5 fxe5 24. Rxf8+ Bxf8 25. Qd3 g6 26. Qxc4=
1/2-1/2

[Event "Large KO, Standard Pace"]
[Site "SchemingMind.com"]
[Date "2010.07.05"]
[Round "-"]
[White "calipo"]
[Black "griffimv"]
[Result "1-0"]
[WhiteCountry "ARG"]
[BlackCountry "INT"]
[WhiteElo "2512"]
[WhiteRD "103"]
[BlackElo "2057"]
[BlackRD "89"]
[GameID "253376"]

1. e4 c5 2. Nf3 d6 3. d4 cxd4 4. Nxd4 Nf6 5. Nc3 a6 6. Be3 e5 7. Nb3 Be6 8. Qd2 Nbd7 9. f3 h5 10. O-O-O Be7
11. Kb1
1-0

[Event "Large KO, Standard Pace"]
[Site "SchemingMind.com"]
[Date "2010.07.05"]
[Round "-"]
[White "griffimv"]
[Black "calipo"]
[Result "0-1"]
[WhiteCountry "INT"]
[BlackCountry "ARG"]
[WhiteElo "2057"]
[WhiteRD "89"]
[BlackElo "2512"]
[BlackRD "103"]
[GameID "253378"]

1. e4 c5 2. Nf3 d6 3. d4 cxd4 4. Nxd4 Nf6 5. Nc3 a6 6. Be3 e5 7. Nb3 Be6 8. f3 Nbd7 9. g4 b5 10. g5 b4
11. Ne2 Nh5
0-1